000 00840cam a22002414a 4500
001 13197664
005 20171214073326.0
008 030514s2003 ctua b 001 0 eng
010 _a 2003051067
020 _a0275979563 (alk. paper)
040 _aDLC
_cDLC
_dDLC
041 _aeng
042 _apcc
080 _a303.6 GEN
082 0 0 _a303.6 GEN
_221
100 _a19
101 _aPOL
245 0 0 _aMedia violence and children :
_cedited by Douglas A. Gentile.
504 _aIncludes bibliographical references and index.
906 _a7
_bcbc
_corignew
_d1
_eocip
_f20
_gy-gencatlg
942 _2ddc
_cBK
999 _c38937
_d38937